Normal view
MARC view
- البرمجة المرئية
Entry Topical Term
001 - CONTROL NUMBER
- control field: 44811
003 - CONTROL NUMBER IDENTIFIER
- control field: JO-AjAnu
005 - DATE AND TIME OF LATEST TRANSACTION
- control field: 20230606081422.0
008 - FIXED-LENGTH DATA ELEMENTS
- fixed length control field: 230606|| aca||aabn | a|a d
040 ## - CATALOGING SOURCE
- Original cataloging agency: JO-AjAnu
- Transcribing agency: JO-AjAnu
150 ## - HEADING--TOPICAL TERM
- Topical term or geographic name entry element: البرمجة المرئية
670 ## - SOURCE DATA FOUND
- Source citation: Work cat.: (JO-AjAnu)22945: الحاج، محمد /م مشارك صالح ابو السعود, author 44810, البرمجة المرئية